Maximiliano y Carlota : la corona fantasma /

Biografía novelada de Maximiliano de Habsburgo, quien fuera Emperador de México, y su esposa, la princesa Carlota de Bélgica.

Salvato in:
Dettagli Bibliografici
Autore principale: Harding, Bertita Leonarz (autor)
Altri autori: Gil Novales, Ramón (traducción) (traducción)
Natura: Libro
Lingua:spagnolo
Pubblicazione: Barcelona, España : Gandesa, 1962, c1962
Soggetti:
Tags: Aggiungi Tag
Nessun Tag, puoi essere il primo ad aggiungerne!!

MARC

LEADER 00000nam^a2200000^a^4500
001 000095958
005 20250521000000.0
009 20260310092928.728
037 |a Acervo ITESO - Biblioteca 
041 |a ESP 
082 |a 972. 049  |b HAR 
100 |a Harding, Bertita Leonarz  |e (autor) 
240 1 1 |a [Maximiliano y Carlota: la corona fantasma] 
245 1 0 |a Maximiliano y Carlota :  |b la corona fantasma /  |c B.L. Harding ; tr. por R. Gil Novales. 
264 4 |a Barcelona, España :  |b Gandesa,  |c 1962, c1962 
300 |a 339 p. 
336 |a texto  |b txt  |2 rdacontenido 
337 |a sin mediación  |b n  |2 rdamedio 
338 |a volumen  |b nc  |2 rdasoporte 
500 |a Traducción de: Phantom Crown: The Story of Maximilian and Carlota of Mexico 
520 |a Biografía novelada de Maximiliano de Habsburgo, quien fuera Emperador de México, y su esposa, la princesa Carlota de Bélgica. 
649 |a XX 
650 |a Emperadores Mexicanos -  |x Biografías 
650 |a Jefes de Estado Mexicanos -  |x Biografías 
650 |a Políticos Mexicanos -  |x Biografías 
650 |a Mujeres Belgas -  |x Biografías 
650 |a Nobles Europeos -  |x Biografías 
650 |a Política -  |z México -  |x Historia -  |y Regencia e Imperio, 1863-1867 
650 |a México -  |x Historia -  |y Regencia e Imperio, 1863-1867 -  |x Tema Principal 
650 |a México -  |x Historia -  |y Intervención y Segundo Imperio, 1861-1867 
650 |a México -  |x Historia -  |y Siglo XIX 
650 |a Habsburgo, Maximiliano de,  |c Emperador de México -  |x Tema Principal 
650 |a Carlota,  |c Emperatriz de México -  |x Tema Principal 
700 |a Gil Novales, Ramón  |e (traducción) 
910 |a Fondo Salvador Reynoso Reynoso 
920 |a Impresos - Libros 
930 |a Fondos Especiales 
905 |a 112 
901 |a 0500030970  |b IT2  |c ESP  |u 20250521 
902 |a https://opac.biblio.iteso.mx/vufind/Record/000095958